[Event "1. OEsterreichische Internet Schach Meisterschaft - Vorrunde 3"]
[Site "Online - Playchess.com"]
[Date ""]
[Round "3"]
[Board "88"]
[White "Krassnitzer, Julia"]
[Black "Kosc, Renata"]
[Result "1-0"]
[WhiteElo "1803"]
[BlackElo "1988"]
[PlyCount "57"]
[EventDate "2020.04.17"]
[EventRounds "9"]
[EventCountry "AUT"]

1. e4 c5 2. Nf3 Nc6 3. c3 d5 4. exd5 Qxd5 5. d4 Bg4 6. Be2 cxd4 7. cxd4 e6 8. O-O
Nf6 9. Nc3 Qd8 10. Bg5 Be7 11. h3 Bh5 12. Rc1 O-O 13. Be3 Nb4 14. a3 Nbd5 15. Qb3
b6 16. Ne5 Bxe2 17. Nxe2 Nxe3 18. fxe3 Qd5 19. Qd1 Ne4 20. Nf4 Qb5 21. Qc2 Ng3 22.
Rf3 Nf5 23. Qf2 Bd6 24. e4 Bxe5 25. dxe5 Ne7 26. Rc7 Ng6 27. Nxg6 fxg6 28. Rff7 Qxe5
29. Rxa7  1-0

[Event "1. OEsterreichische Internet Schach Meisterschaft - Vorrunde 3"]
[Site "Online - Playchess.com"]
[Date ""]
[Round "3"]
[Board "89"]
[White "Chen, Qingxia"]
[Black "Maister, Dieter"]
[Result "1-0"]
[WhiteElo "1776"]
[BlackElo "1851"]
[PlyCount "67"]
[EventDate "2020.04.17"]
[EventRounds "9"]
[EventCountry "AUT"]

1. e4 c6 2. Nf3 d5 3. exd5 cxd5 4. d4 Bg4 5. Bd3 Nc6 6. c3 Nf6 7. O-O e6 8. Nbd2
Bd6 9. Re1 h6 10. h3 Bxf3 11. Nxf3 O-O 12. Ne5 Qc7 13. Bf4 Rfe8 14. Qf3 Nd7 15. Qg3
Bxe5 16. dxe5 Kh8 17. Rad1 Nf8 18. Bb1 Ne7 19. h4 h5 20. Qg5 g6 21. Qf6+ Kh7 22.
Qg5 Nf5 23. Bxf5 exf5 24. Qh6+ Kg8 25. e6 fxe6 26. Bxc7 Re7 27. Be5 Rh7 28. Qg5 Re8
29. b4 Rd7 30. Rd4 Kh7 31. f4 Rc8 32. Qf6 Kh6 33. Qh8+ Rh7 34. Bg7#  1-0

[Event "1. OEsterreichische Internet Schach Meisterschaft - Vorrunde 3"]
[Site "Online - Playchess.com"]
[Date ""]
[Round "3"]
[Board "90"]
[White "Gall, Bernhard"]
[Black "Redhammer, Markus"]
[Result "0-1"]
[WhiteElo "1244"]
[BlackElo "1911"]
[PlyCount "62"]
[EventDate "2020.04.17"]
[EventRounds "9"]
[EventCountry "AUT"]

1. e4 d6 2. d4 g6 3. Nc3 Bg7 4. Nf3 Nf6 5. Bb5+ Bd7 6. O-O O-O 7. Be3 Bxb5 8. Nxb5
Nxe4 9. Nc3 Nxc3 10. bxc3 Nd7 11. Rb1 b6 12. Qd2 e5 13. dxe5 Nxe5 14. Nxe5 Bxe5 15.
Bh6 Bg7 16. Bxg7 Kxg7 17. Rfe1 Qf6 18. Re2 Rfe8 19. Rbe1 Rxe2 20. Rxe2 Rd8 21. Qd4
Rd7 22. Qxf6+ Kxf6 23. g3 Re7 24. Rxe7 Kxe7 25. f4 Ke6 26. Kf2 Kd5 27. Ke3 Kc4 28.
Kd2 f5 29. h3 h5 30. h4 d5 31. Kc1 Kxc3  0-1

[Event "1. OEsterreichische Internet Schach Meisterschaft - Vorrunde 3"]
[Site "Online - Playchess.com"]
[Date ""]
[Round "3"]
[Board "91"]
[White "Virag, Herbert"]
[Black "Moerwald, Miriam"]
[Result "1-0"]
[WhiteElo "1776"]
[BlackElo "1760"]
[PlyCount "93"]
[EventDate "2020.04.17"]
[EventRounds "9"]
[EventCountry "AUT"]

1. d4 d5 2. Bf4 Nf6 3. e3 c5 4. c3 Bf5 5. Nd2 Nc6 6. Ngf3 e6 7. Bb5 Rc8 8. Ne5 Bd6
9. Ndf3 O-O 10. O-O Nh5 11. Bg3 f6 12. Nxc6 bxc6 13. Bd3 Nxg3 14. hxg3 Bxd3 15. Qxd3
e5 16. Qc2 cxd4 17. exd4 c5 18. dxc5 Rxc5 19. Qa4 Qc7 20. Rad1 d4 21. cxd4 Rc4 22.
Qb3 Rb8 23. Qd3 Rxb2 24. dxe5 Bxe5 25. Qd5+ Kf8 26. Nxe5 fxe5 27. Qa8+ Rb8 28. Qf3+
Kg8 29. Rd5 Rf8 30. Qd3 Rc3 31. Qb5 Rb8 32. Qa5 Qf7 33. Rxe5 Rcc8 34. Qd5 Qxd5 35.
Rxd5 Rb2 36. Rd7 Rxa2 37. Re1 Kf8 38. Ree7 Rc1+ 39. Kh2 Rxf2 40. Rxa7 Rcc2 41. Reb7
Rxg2+ 42. Kh3 Rh2+ 43. Kg4 Rc4+ 44. Kf3 Rd2 45. Rb8+ Rc8 46. Rxc8+ Rd8 47. Rxd8#
 1-0

[Event "1. OEsterreichische Internet Schach Meisterschaft - Vorrunde 3"]
[Site "Online - Playchess.com"]
[Date ""]
[Round "3"]
[Board "92"]
[White "Pedevilla, Luis"]
[Black "Ardelt, Hannes"]
[Result "0-1"]
[WhiteElo "1650"]
[BlackElo "1732"]
[PlyCount "114"]
[EventDate "2020.04.17"]
[EventRounds "9"]
[EventCountry "AUT"]

1. e4 g6 2. d4 Bg7 3. Nc3 b6 4. Nf3 Bb7 5. Bd3 e6 6. Be3 Ne7 7. O-O O-O 8. h3 d6
9. a3 Nd7 10. Nh2 c5 11. dxc5 Nxc5 12. Ng4 a6 13. Bh6 f6 14. Qd2 g5 15. h4 f5 16.
Bxg7 Kxg7 17. Qxg5+ Ng6 18. Qxd8 Raxd8 19. Ne3 fxe4 20. Bxe4 Nxe4 21. Na4 b5 22.
Nc3 Nxc3 23. bxc3 Nxh4 24. c4 bxc4 25. Nxc4 Bxg2 26. Rfd1 Bd5 27. Ne3 Nf3+ 28. Kf1
Kh8 29. Nxd5 exd5 30. Rxd5 Rg8 31. Ke2 Ne5 32. Rad1 Rge8 33. Kf1 Nc4 34. R1d4 Nxa3
35. Ra4 Nxc2 36. Rxa6 Nb4 37. Raxd6 Nxd5 38. Rxd8 Rxd8 39. Kg2 Rg8+ 40. Kh1 h5 41.
f3 Kh7 42. Kh2 Kh6 43. Kh3 Nf4+ 44. Kh4 Ne2 45. Kh3 Nd4 46. Kh4 Nxf3+ 47. Kh3 Ne5
48. Kh4 Rf8 49. Kh3 Kg5 50. Kg3 h4+ 51. Kh3 Rf3+ 52. Kg2 Ra3 53. Kh2 Kg4 54. Kg2
h3+ 55. Kh2 Ra2+ 56. Kh1 Kg3 57. Kg1 Ra1#  0-1

[Event "1. OEsterreichische Internet Schach Meisterschaft - Vorrunde 3"]
[Site "Online - Playchess.com"]
[Date ""]
[Round "3"]
[Board "93"]
[White "Ussar, Reinhard"]
[Black "Fugger, Christian"]
[Result "0-1"]
[WhiteElo "1676"]
[BlackElo "1807"]
[PlyCount "52"]
[EventDate "2020.04.17"]
[EventRounds "9"]
[EventCountry "AUT"]

1. e4 c6 2. d4 d5 3. exd5 cxd5 4. c4 Nf6 5. Nc3 Nc6 6. Nf3 Bg4 7. Be2 e6 8. Be3 dxc4
9. Bxc4 Be7 10. h3 Bh5 11. g4 Bg6 12. Qb3 Rb8 13. O-O-O O-O 14. Ne5 Na5 15. Qa4 Nxc4
16. Nxc4 Rc8 17. Nd2 Nd5 18. Qxa7 Nxc3 19. bxc3 Rxc3+ 20. Kb2 Rc2+ 21. Ka1 Bb4 22.
f4 Bc3+ 23. Kb1 Rxd2+ 24. Kc1 Rc2+ 25. Kb1 Rh2+ 26. Kc1 Bb2#  0-1

[Event "1. OEsterreichische Internet Schach Meisterschaft - Vorrunde 3"]
[Site "Online - Playchess.com"]
[Date ""]
[Round "3"]
[Board "94"]
[White "Strasser, Josef"]
[Black "Pristernik, Arnold"]
[Result "1-0"]
[WhiteElo "1829"]
[BlackElo "1551"]
[PlyCount "103"]
[EventDate "2020.04.17"]
[EventRounds "9"]
[EventCountry "AUT"]

1. d4 d5 2. Nf3 Nf6 3. Bf4 e6 4. h3 Be7 5. e3 O-O 6. Nbd2 c5 7. b3 Nbd7 8. c3 b6
9. Bd3 h6 10. O-O Bb7 11. Re1 Rc8 12. Rc1 cxd4 13. cxd4 Rxc1 14. Qxc1 Bb4 15. a3
Bxd2 16. Nxd2 Qc8 17. Qb1 Qc3 18. Rc1 Qxd2 19. Rc7 Ba8 20. f3 Qa5 21. Bd6 Rd8 22.
Qc2 Qe1+ 23. Kh2 Qxe3 24. Rxa7 Qg5 25. f4 Qh4 26. g3 Ng4+ 27. Kg1 Qxh3 28. Qe2 f5
29. Be7 Qxg3+ 30. Qg2 Qe1+ 31. Qf1 Qg3+ 32. Qg2 Qe1+ 33. Bf1 Qe3+ 34. Kh1 Nf2+ 35.
Kh2 Qxf4+ 36. Kg1 Ng4 37. Bxd8 Qe3+ 38. Kh1 Nf2+ 39. Kh2 Qf4+ 40. Qg3 Qxg3+ 41. Kxg3
Ne4+ 42. Kg2 Ndf6 43. Rxa8 h5 44. Bxf6+ Kf7 45. Be5 Ng5 46. Be2 h4 47. Bf4 Ne4 48.
Bf3 g5 49. Bxe4 gxf4 50. Bf3 Kg6 51. Rg8+ Kf7 52. Rh8  1-0

[Event "1. OEsterreichische Internet Schach Meisterschaft - Vorrunde 3"]
[Site "Online - Playchess.com"]
[Date ""]
[Round "3"]
[Board "95"]
[White "Galler, Alexander"]
[Black "Gaspar, Zdravko"]
[Result "1-0"]
[WhiteElo "1772"]
[BlackElo "1618"]
[PlyCount "43"]
[EventDate "2020.04.17"]
[EventRounds "9"]
[EventCountry "AUT"]

1. e4 c6 2. d4 d5 3. exd5 cxd5 4. Bd3 Nf6 5. Bf4 Nc6 6. c3 g6 7. Ne2 Bg7 8. Qd2 O-O
9. Bh6 Qb6 10. Bxg7 Kxg7 11. b3 e5 12. O-O e4 13. Bc2 Qc7 14. Ng3 Re8 15. Na3 a6
16. Rae1 b5 17. c4 Qd6 18. c5 Qc7 19. f3 Bf5 20. Nxf5+ gxf5 21. Qg5+ Kf8 22. Qxf6
 1-0

[Event "1. OEsterreichische Internet Schach Meisterschaft - Vorrunde 3"]
[Site "Online - Playchess.com"]
[Date ""]
[Round "3"]
[Board "96"]
[White "Pasteiner, Gernot"]
[Black "Studener, Simon"]
[Result "1-0"]
[WhiteElo "1632"]
[BlackElo "1678"]
[PlyCount "49"]
[EventDate "2020.04.17"]
[EventRounds "9"]
[EventCountry "AUT"]

1. e4 e5 2. Nf3 Nc6 3. Bc4 Bc5 4. b4 Bxb4 5. c3 Ba5 6. d4 d6 7. d5 Nce7 8. Bb5+ c6
9. dxc6 Nxc6 10. Qa4 Nge7 11. Bg5 f6 12. Be3 Be6 13. O-O O-O 14. Rd1 Qc7 15. Qa3
Rfd8 16. Nbd2 a6 17. Bc4 Bxc4 18. Nxc4 Ng6 19. Nxd6 Nh8 20. Qb3+ Nf7 21. Nf5 Bb6
22. Bxb6 Rxd1+ 23. Rxd1 Qc8 24. a4 Qd8 25. Rxd8+  1-0

[Event "1. OEsterreichische Internet Schach Meisterschaft - Vorrunde 3"]
[Site "Online - Playchess.com"]
[Date ""]
[Round "3"]
[Board "97"]
[White "Kellner, Nikolaus"]
[Black "Janes, Christian"]
[Result "1/2-1/2"]
[WhiteElo "1685"]
[BlackElo "1726"]
[PlyCount "136"]
[EventDate "2020.04.17"]
[EventRounds "9"]
[EventCountry "AUT"]

1. g4 d5 2. h3 e5 3. d3 Nc6 4. Nc3 Nf6 5. Nf3 Bb4 6. Bd2 Bxc3 7. Bxc3 d4 8. Bd2 O-O
9. a3 Re8 10. e4 dxe3 11. Bxe3 e4 12. dxe4 Qxd1+ 13. Rxd1 Nxe4 14. Bd3 Nc5 15. O-O
Nxd3 16. Rxd3 h6 17. Nd4 Ne5 18. Rc3 c6 19. Nf5 Bxf5 20. gxf5 Nf3+ 21. Kg2 Nh4+ 22.
Kh2 Nxf5 23. Rg1 a6 24. Bf4 Rac8 25. Rc5 Nh4 26. Bxh6 Nf3+ 27. Kh1 Nxg1 28. Rg5 Nxh3
29. Rxg7+ Kh8 30. Rxf7 Re6 31. Bg7+ Kg8 32. Rxb7 Nxf2+ 33. Kg2 Ne4 34. Bd4 Rg6+ 35.
Kf1 Rf8+ 36. Ke1 Nd6 37. Ra7 Re6+ 38. Kd2 Nc4+ 39. Kc3 Ne5 40. Bc5 Rf3+ 41. Kb4 Nf7
42. Ka5 Rf5 43. Kb6 Kg7 44. Rxa6 Rxc5 45. Kxc5 Nd8 46. b4 Kf6 47. a4 Nb7+ 48. Kb6
Nd8 49. Kc7 Nf7 50. Rxc6 Rxc6+ 51. Kxc6 Ne5+ 52. Kb7 Ke6 53. a5 Kd6 54. a6 Nc6 55.
b5 Nd8+ 56. Kb8 Kc5 57. c4 Kxc4 58. b6 Nc6+ 59. Kb7 Kb5 60. a7 Nd8+ 61. Kc7 Ne6+
62. Kc8 Kxb6 63. a8=Q Nc5 64. Qd5 Kb5 65. Kc7 Kb4 66. Kc6 Nb3 67. Qb5+ Kc3 68. Kd5
Nd2  1/2-1/2

[Event "1. OEsterreichische Internet Schach Meisterschaft - Vorrunde 3"]
[Site "Online - Playchess.com"]
[Date ""]
[Round "3"]
[Board "98"]
[White "Hofer, Martin"]
[Black "Schein, Leopold"]
[Result "0-1"]
[WhiteElo "1603"]
[BlackElo "1584"]
[PlyCount "142"]
[EventDate "2020.04.17"]
[EventRounds "9"]
[EventCountry "AUT"]

1. e4 e5 2. Nf3 Nc6 3. d4 exd4 4. Bc4 Bc5 5. c3 dxc3 6. Bxf7+ Kxf7 7. Qd5+ Ke8 8.
Qxc5 Qe7 9. Qxe7+ Ngxe7 10. Nxc3 d6 11. Bg5 Bg4 12. Nh4 h6 13. Bxe7 Nxe7 14. O-O
g5 15. h3 Bxh3 16. Nf3 Bg4 17. Nd4 Kd7 18. f3 Bh5 19. Rac1 Bf7 20. a3 Rag8 21. Ndb5
a6 22. Nd4 Bc4 23. Rf2 g4 24. f4 h5 25. f5 Rf8 26. b3 Bg8 27. f6 Nc6 28. Nxc6 Kxc6
29. Rd1 Bxb3 30. Rdd2 Rh6 31. e5 dxe5 32. Ne4 Bd5 33. Rc2+ Kd7 34. Nc5+ Kd6 35. Rfd2
c6 36. Nxb7+ Kc7 37. Na5 Kb6 38. Nc4+ Bxc4 39. Rxc4 Rhxf6 40. Rdc2 g3 41. Rc1 Rd8
42. Re4 Rd5 43. Rce1 Rf2 44. Rh4 Rdd2 45. Rh3 Rxg2+ 46. Kh1 Rh2+ 47. Rxh2 Rxh2+ 48.
Kg1 h4 49. Rxe5 h3 50. Rh5 Rg2+ 51. Kh1 Ra2 52. Rxh3 Rxa3 53. Kg2 Ra2+ 54. Kf3 Ra3+
55. Kg2 Rc3 56. Rh5 a5 57. Rh4 c5 58. Rh6+ Kb5 59. Rh4 a4 60. Rh1 c4 61. Rb1+ Kc5
62. Ra1 Kb4 63. Rb1+ Ka3 64. Ra1+ Kb2 65. Rxa4 Kb3 66. Ra1 Rd3 67. Rb1+ Kc3 68. Rc1+
Kb3 69. Rb1+ Kc2 70. Ra1 Kd2 71. Rd1+ Kxd1  0-1

[Event "1. OEsterreichische Internet Schach Meisterschaft - Vorrunde 3"]
[Site "Online - Playchess.com"]
[Date ""]
[Round "3"]
[Board "99"]
[White "Kwech, Gregor"]
[Black "Heinemann, Stephan"]
[Result "1/2-1/2"]
[WhiteElo "1064"]
[BlackElo "1664"]
[PlyCount "124"]
[EventDate "2020.04.17"]
[EventRounds "9"]
[EventCountry "AUT"]

1. c4 g6 2. Nc3 Bg7 3. e3 e6 4. d4 b6 5. g3 Bb7 6. Nf3 Ne7 7. Bg2 Nbc6 8. O-O O-O
9. Bd2 d5 10. cxd5 Nxd5 11. Nxd5 Qxd5 12. Rc1 Qd7 13. Ne5 Bxe5 14. dxe5 Rab8 15.
f4 Na5 16. Bxa5 Bxg2 17. Kxg2 Qxd1 18. Rfxd1 bxa5 19. b3 c5 20. Rxc5 Rfd8 21. Rxd8+
Rxd8 22. Rc2 Rd3 23. Kf3 h5 24. h3 Kg7 25. g4 hxg4+ 26. hxg4 Rd5 27. Ke4 Rb5 28.
f5 exf5+ 29. gxf5 gxf5+ 30. Kxf5 Rd5 31. Kf4 Rd3 32. Ke4 Rd7 33. Kf4 Kg6 34. Rg2+
Kh6 35. Kf5 Kh7 36. Kf6 a6 37. Rh2+ Kg8 38. Rg2+ Kf8 39. Rh2 Kg8 40. Rg2+ Kf8 41.
e6 fxe6 42. Kxe6 Re7+ 43. Kf6 Rxe3 44. Rc2 Ke8 45. Rc8+ Kd7 46. Ra8 Re6+ 47. Kf5
Rc6 48. Ke5 Rc5+ 49. Kd4 Rc6 50. a3 Kc7 51. Rg8 Rc1 52. Rg7+ Kb6 53. Rg6+ Kb7 54.
Rg3 Kb6 55. a4 Kc6 56. Rg5 Kb6 57. Rg6+ Kb7 58. Rg7+ Kb6 59. Rg6+ Kb7 60. Rg5 Kb6
61. Kd3 Rc6 62. Kd4 Rc1  1/2-1/2

[Event "1. OEsterreichische Internet Schach Meisterschaft - Vorrunde 3"]
[Site "Online - Playchess.com"]
[Date ""]
[Round "3"]
[Board "100"]
[White "Tolstykh, Makarius"]
[Black "Moerzinger, Christian Jun."]
[Result "1/2-1/2"]
[WhiteElo "1061"]
[BlackElo "1638"]
[PlyCount "123"]
[EventDate "2020.04.17"]
[EventRounds "9"]
[EventCountry "AUT"]

1. c4 Nf6 2. Nc3 g6 3. g3 Bg7 4. Bg2 d6 5. e3 O-O 6. Nge2 Nbd7 7. O-O e5 8. d4 h6
9. b3 Kh7 10. Bb2 c6 11. d5 c5 12. Nb5 Nb6 13. Rc1 a6 14. Nbc3 Bd7 15. f4 Ng8 16.
fxe5 dxe5 17. Ne4 Qc8 18. Ba3 Bh3 19. Bxc5 Nd7 20. Bxf8 Qxf8 21. N2c3 Bxg2 22. Kxg2
f5 23. Nd2 e4 24. Ndxe4 Ne5 25. d6 Rd8 26. c5 Nc6 27. a3 Nf6 28. Nxf6+ Qxf6 29. Na4
Qe5 30. Nb6 Qe4+ 31. Qf3 Qd3 32. e4 Qd4 33. exf5 Qb2+ 34. Kg1 Qd4+ 35. Kh1 Ne5 36.
fxg6+ Nxg6 37. Rcd1 Qb2 38. Rfe1 Qxa3 39. d7 Qxc5 40. Re8 Qxb6 41. Qe3 Qc6+ 42. Kg1
Rxd7 43. Rxd7 Qxd7 44. Re4 Qd1+ 45. Kg2 Qc2+ 46. Kh3 Qc8+ 47. g4 Qd8 48. Kg3 Qh4+
49. Kg2 Qf6 50. Re6 Qb2+ 51. Kf3 Nh4+ 52. Kg3 Ng6 53. Qe4 Qxb3+ 54. Kg2 Qb2+ 55.
Kf3 Qc3+ 56. Ke2 Qb2+ 57. Kd3 Qc3+ 58. Ke2 Qb2+ 59. Kf3 Qb3+ 60. Kg2 Qa2+ 61. Kh3
Qb3+ 62. Kg2  1/2-1/2

[Event "1. OEsterreichische Internet Schach Meisterschaft - Vorrunde 3"]
[Site "Online - Playchess.com"]
[Date ""]
[Round "3"]
[Board "101"]
[White "Egger, Stefanie"]
[Black "Lager, Johannes"]
[Result "0-1"]
[WhiteElo "1442"]
[BlackElo "1611"]
[PlyCount "134"]
[EventDate "2020.04.17"]
[EventRounds "9"]
[EventCountry "AUT"]

1. d4 f5 2. Nf3 e6 3. c4 Nf6 4. Nc3 d5 5. e3 c6 6. Bd3 Bd6 7. O-O O-O 8. b3 Bd7 9.
Bb2 Be8 10. Ng5 Qe7 11. cxd5 exd5 12. Re1 h6 13. Nf3 Qd7 14. h3 Bh5 15. Be2 Na6 16.
Nd2 Bxe2 17. Nxe2 Ne4 18. Nf4 Nc7 19. f3 Nf6 20. Nd3 Rae8 21. Nc5 Qc8 22. Qc2 g6
23. e4 fxe4 24. fxe4 Bg3 25. Re2 dxe4 26. Ndxe4 Nxe4 27. Nxe4 Bf4 28. Rae1 Nd5 29.
Nc5 Kg7 30. Rxe8 Rxe8 31. Re2 Rxe2 32. Qxe2 Be3+ 33. Kh1 b6 34. Nd3 Qc7 35. Ne5 Qe7
36. Qc2 Qf6 37. Qd3 g5 38. Qd1 Qf2 39. Qe1 Qxe1+ 40. Kh2 Qe2 41. Ng4 Qxb2 42. Ne5
Qxa2 43. Nd7 Qxb3 44. Ne5 Qa2 45. Kg3 Bf4+ 46. Kf3 Qb3+ 47. Ke4 Qe3+ 48. Kf5 Qd2
49. Ke6 Qa2 50. Kd6 Ne3 51. Kc7 Bxe5+ 52. dxe5 Qe6 53. Kd8 Qxe5 54. g4 Qf6+ 55. Kd7
Kf7 56. h4 Qe6+ 57. Kc7 Ke7 58. hxg5 Qd6+ 59. Kb7 Kd7 60. Ka6 Nd5 61. gxh6 Qa3+ 62.
Kb7 b5 63. h7 Qc3 64. h8=Q Qxh8 65. g5 Qc8+ 66. Kxa7 Kc7 67. g6 Qb7#  0-1

[Event "1. OEsterreichische Internet Schach Meisterschaft - Vorrunde 3"]
[Site "Online - Playchess.com"]
[Date ""]
[Round "4"]
[Board "1"]
[White "Juenger, Heinz"]
[Black "Ragger, Markus"]
[Result "0-1"]
[WhiteElo "2165"]
[BlackElo "2679"]
[PlyCount "124"]
[EventDate "2020.04.17"]
[EventRounds "9"]
[EventCountry "AUT"]

1. e4 e5 2. Nf3 Nc6 3. Nc3 Nf6 4. d4 exd4 5. Nxd4 Bc5 6. Be3 Bb6 7. Qd2 Ng4 8. Nxc6
dxc6 9. Qxd8+ Kxd8 10. Bxb6 axb6 11. h3 Ne5 12. f4 Ng6 13. g3 b5 14. a3 Ke7 15. Rd1
f6 16. Kf2 Nf8 17. Be2 Nd7 18. Bg4 Nb6 19. Be2 Be6 20. h4 Nc4 21. Bxc4 bxc4 22. Kf3
h5 23. f5 Bf7 24. Rd2 Rhd8 25. Rhd1 Rxd2 26. Rxd2 b5 27. Kf4 Rb8 28. e5 fxe5+ 29.
Kxe5 b4 30. axb4 Rxb4 31. Nd1 Rb5+ 32. Kf4 Kf6 33. Ne3 Rxb2 34. Rd7 c3 35. Rxc7 Rb4+
36. Kf3 Bd5+ 37. Nxd5+ cxd5 38. Rxc3 Kxf5 39. Rc7 g6 40. Rf7+ Ke6 41. Rg7 Rg4 42.
Rg8 Kd6 43. Rc8 Ke5 44. Re8+ Kd4 45. Rc8 Re4 46. Rg8 Re6 47. Rc8 Rf6+ 48. Ke2 Ke4
49. Re8+ Kf5 50. Ke3 Kg4 51. Rd8 Kxg3 52. Rxd5 Kxh4 53. c4 g5 54. c5 g4 55. Rd6 Rf1
56. Ke2 Rc1 57. c6 g3 58. Kf3 Kh3 59. Rg6 h4 60. Ke2 g2 61. Kf2 Rf1+ 62. Ke2 g1=Q
 0-1

[Event "1. OEsterreichische Internet Schach Meisterschaft - Vorrunde 3"]
[Site "Online - Playchess.com"]
[Date ""]
[Round "4"]
[Board "2"]
[White "Diermair, Andreas"]
[Black "Wohlfahrt, Herbert"]
[Result "0-1"]
[WhiteElo "2465"]
[BlackElo "2285"]
[PlyCount "84"]
[EventDate "2020.04.17"]
[EventRounds "9"]
[EventCountry "AUT"]

1. d4 Nf6 2. c4 e6 3. Nc3 Bb4 4. e3 b6 5. Nge2 O-O 6. a3 Be7 7. e4 d5 8. cxd5 exd5
9. e5 Ne4 10. Ng3 Bb7 11. Bd3 c5 12. f3 cxd4 13. Nce2 Nc5 14. Nxd4 Nbd7 15. f4 Nxd3+
16. Qxd3 Nc5 17. Qf3 Ba6 18. Ngf5 Nd3+ 19. Kd2 Bc5 20. b4 Bxd4 21. Nxd4 Bc4 22. Ke3
Re8 23. Rd1 Qh4 24. Rxd3 Qe1+ 25. Ne2 Bxd3 26. Kxd3 Qd1+ 27. Ke3 Rac8 28. Bb2 Qb3+
29. Kf2 Qxb2 30. Rd1 Red8 31. h4 Rc2 32. h5 h6 33. g4 Rd2 34. Rxd2 Qxd2 35. Qe3 Qc2
36. Qd4 Qc4 37. g5 hxg5 38. fxg5 Re8 39. Qe3 Qe4 40. h6 gxh6 41. gxh6 Qxe3+ 42. Kxe3
Rxe5+  0-1

[Event "1. OEsterreichische Internet Schach Meisterschaft - Vorrunde 3"]
[Site "Online - Playchess.com"]
[Date ""]
[Round "4"]
[Board "3"]
[White "Breneis, Lukas"]
[Black "Froewis, Georg"]
[Result "0-1"]
[WhiteElo "2257"]
[BlackElo "2457"]
[PlyCount "52"]
[EventDate "2020.04.17"]
[EventRounds "9"]
[EventCountry "AUT"]

1. e4 d5 2. exd5 Qxd5 3. Nc3 Qd6 4. d4 Nf6 5. Bc4 Nc6 6. Nge2 Bg4 7. Be3 e6 8. Qd2
O-O-O 9. O-O-O Qb4 10. Bb3 Qa5 11. f3 Bf5 12. g4 Bg6 13. Nf4 Bb4 14. a3 Bxa3 15.
Nxg6 Bb4 16. Nxh8 Qa1+ 17. Nb1 Bxd2+ 18. Rxd2 Rxh8 19. c4 Rd8 20. Rhd1 Qa5 21. Nc3
Qb4 22. Ba2 Na5 23. Rc2 Nxc4 24. Bf4 Nd5 25. Bg5 Nxc3 26. Rxc3 Qxb2#  0-1

[Event "1. OEsterreichische Internet Schach Meisterschaft - Vorrunde 3"]
[Site "Online - Playchess.com"]
[Date ""]
[Round "4"]
[Board "4"]
[White "Leisch, Lukas"]
[Black "Schweda, Roland"]
[Result "0-1"]
[WhiteElo "2362"]
[BlackElo "2449"]
[PlyCount "92"]
[EventDate "2020.04.17"]
[EventRounds "9"]
[EventCountry "AUT"]

1. c4 Nf6 2. Nc3 d6 3. d4 Nbd7 4. e4 e5 5. Nf3 Be7 6. Be2 c6 7. O-O Qc7 8. Qc2 Nf8
9. Rd1 Ng6 10. Rb1 a5 11. a3 O-O 12. b4 axb4 13. axb4 Re8 14. h3 h6 15. Be3 Nh7 16.
d5 Nh4 17. dxc6 bxc6 18. Nxh4 Bxh4 19. c5 dxc5 20. bxc5 Bg5 21. Bxg5 Nxg5 22. Na4
Ne6 23. Nb6 Rb8 24. Bc4 Nd4 25. Qd3 Qe7 26. Na4 Ra8 27. Nb6 Ra5 28. f4 Qxc5 29. Kh1
Be6 30. fxe5 Rd8 31. Bxe6 Nxe6 32. Qb3 Rb5 33. Rxd8+ Nxd8 34. Qd1 Qxb6 35. Rxb5 cxb5
36. Qd7 Ne6 37. Qe8+ Nf8 38. e6 fxe6 39. g4 b4 40. g5 hxg5 41. Kg2 b3 42. Kg3 b2
43. Kg4 b1=Q 44. Kh5 Qd1+ 45. Kxg5 Qe3+ 46. Kh4 Qf4#  0-1

[Event "1. OEsterreichische Internet Schach Meisterschaft - Vorrunde 3"]
[Site "Online - Playchess.com"]
[Date ""]
[Round "4"]
[Board "5"]
[White "Poetz, Florian"]
[Black "Belke, Frank"]
[Result "0-1"]
[WhiteElo "2422"]
[BlackElo "2273"]
[PlyCount "90"]
[EventDate "2020.04.17"]
[EventRounds "9"]
[EventCountry "AUT"]

1. e4 e6 2. d4 d5 3. Nc3 Bb4 4. e5 Qd7 5. Nge2 b6 6. h4 Ba6 7. a3 Bxc3+ 8. Nxc3 Bxf1
9. Kxf1 Ne7 10. h5 h6 11. Rh3 Nbc6 12. Be3 Nf5 13. g4 Nxe3+ 14. fxe3 O-O-O 15. Rf3
Rdf8 16. Qd3 Kb7 17. Kg2 Qe7 18. e4 Qh4 19. exd5 exd5 20. Rg3 f5 21. Rh1 Qg5 22.
gxf5 Qxf5 23. Qxf5 Rxf5 24. Rd1 Rhf8 25. Rd2 Rxh5 26. Rxg7 Rh4 27. Nxd5 Nxd4 28.
Nxc7 Kc6 29. c3 Nf5 30. Rg6+ Kxc7 31. e6 Re4 32. Rd7+ Kc6 33. Rxa7 Re8 34. Rf6 Ne3+
35. Kf3 R4xe6 36. Rxe6+ Rxe6 37. Rh7 Nc4 38. b3 Nxa3 39. Kf4 Nb1 40. c4 Nd2 41. Kf5
Rd6 42. b4 Nxc4 43. Rh8 Nd2 44. Ke5 Nc4+ 45. Ke4 Kb5  0-1

[Event "1. OEsterreichische Internet Schach Meisterschaft - Vorrunde 3"]
[Site "Online - Playchess.com"]
[Date ""]
[Round "4"]
[Board "6"]
[White "Freitag, Manfred"]
[Black "Knoll, Martin"]
[Result "1-0"]
[WhiteElo "2356"]
[BlackElo "2018"]
[PlyCount "35"]
[EventDate "2020.04.17"]
[EventRounds "9"]
[EventCountry "AUT"]

1. e4 c6 2. Nc3 d5 3. Nf3 Nf6 4. e5 Nfd7 5. e6 fxe6 6. d4 g6 7. Bf4 Bg7 8. Qe2 Nf6
9. Ng5 Qd7 10. O-O-O O-O 11. g3 Nh5 12. Be3 e5 13. dxe5 Bxe5 14. Nce4 Qg4 15. f3
Qf5 16. Bh3 dxe4 17. Bxf5 exf3 18. Qc4+  1-0

[Event "1. OEsterreichische Internet Schach Meisterschaft - Vorrunde 3"]
[Site "Online - Playchess.com"]
[Date ""]
[Round "4"]
[Board "7"]
[White "Kuba, Guenther"]
[Black "Gelbenegger, Patrick"]
[Result "0-1"]
[WhiteElo "2348"]
[BlackElo "2240"]
[PlyCount "94"]
[EventDate "2020.04.17"]
[EventRounds "9"]
[EventCountry "AUT"]

1. e4 e5 2. Nf3 Nc6 3. Bc4 Bc5 4. O-O d6 5. a4 a6 6. c3 Bg4 7. d3 Nf6 8. b4 Ba7 9.
Be3 O-O 10. Qb3 Qd7 11. Nbd2 Nh5 12. Rfe1 Nf4 13. Bxf4 exf4 14. d4 Ne7 15. Bf1 Ng6
16. h3 Bh5 17. c4 Qe7 18. c5 Nh4 19. Nxh4 Qxh4 20. Nc4 dxc5 21. dxc5 b6 22. cxb6
cxb6 23. b5 axb5 24. axb5 Qe7 25. Qa3 Qc7 26. Ra2 f3 27. g3 Rfe8 28. e5 h6 29. Rea1
Re7 30. Qd6 Qb7 31. Nxb6 Bxb6 32. Rxa8+ Kh7 33. Bd3+ Bg6 34. Bxg6+ fxg6 35. Rb8 Bxf2+
36. Kxf2 Qe4 37. Qd2 Rxe5 38. Re1 Qf5 39. Rxe5 Qxe5 40. Rd8 Qxb5 41. Kxf3 Qf1+ 42.
Qf2 Qxh3 43. Qc2 Qh1+ 44. Kf4 Qf1+ 45. Ke5 Qe1+ 46. Kd5 Qa5+ 47. Ke6 Qxd8  0-1

[Event "1. OEsterreichische Internet Schach Meisterschaft - Vorrunde 3"]
[Site "Online - Playchess.com"]
[Date ""]
[Round "4"]
[Board "8"]
[White "Mostbauer, Florian"]
[Black "Sadilek, Peter"]
[Result "1/2-1/2"]
[WhiteElo "2309"]
[BlackElo "2340"]
[PlyCount "88"]
[EventDate "2020.04.17"]
[EventRounds "9"]
[EventCountry "AUT"]

1. c4 Nf6 2. g3 e6 3. Bg2 d5 4. Nf3 Be7 5. O-O O-O 6. b3 b6 7. Bb2 Bb7 8. Nc3 c5
9. e3 Nc6 10. cxd5 Nxd5 11. Nxd5 Qxd5 12. d4 Rad8 13. Ne5 Qd6 14. Nxc6 Bxc6 15. Bxc6
Qxc6 16. Qg4 cxd4 17. Bxd4 f6 18. Rac1 Qd7 19. Rfd1 e5 20. Qxd7 Rxd7 21. Bb2 Rfd8
22. Rxd7 Rxd7 23. Bc3 Kf7 24. Kf1 Ke6 25. Ke2 Ba3 26. Rd1 Rc7 27. Be1 e4 28. f3 Rc2+
29. Rd2 Rxd2+ 30. Bxd2 Kd5 31. f4 h5 32. h3 f5 33. Kd1 g6 34. Kc2 a5 35. Be1 Bc5
36. Bd2 b5 37. Kb2 a4 38. Kc2 Be7 39. h4 Bf6 40. Bc3 Be7 41. Bd2 Bc5 42. Kd1 axb3
43. axb3 Be7 44. Kc2 Bc5  1/2-1/2